| 000 | 01097cam a2200241 4500 | ||
|---|---|---|---|
| 008 | 011112n2001 000 0 eng u | ||
| 020 | _a0117025542 | ||
| 035 | _a(Sirsi) u115573 | ||
| 050 | _a692.8 | ||
| 110 |
_aCarillion Services _93856 |
||
| 245 | 2 | _aA guide to measured term contracts: value for money in property maintenance and improvements | |
| 260 |
_aLondon _bStationery Office _c2001 |
||
| 300 |
_aix, 103p. _c25cm. |
||
| 350 | _a40.00 | ||
| 520 | _aLooks at the nature of Measured Term Contracts: where they can be used, the documentation required, how they are operated and thier advantages and disadvantages. | ||
| 650 | _aMEASURED TERM CONTRACTS | ||
| 650 | _aBUILT ENVIRONMENT-BUILDING CONTRACT FORMS | ||
| 650 | _aBUILT ENVIRONMENT-BUILDING CONTRACT FORMS-STANDARD FORMS OF BUILDING CONTRACT-JOINT CONTRACTS TRIBNUAL CONTRACTS | ||
| 650 | _aBUILT ENVIRONMENT-BUILDING CONTRACT FORMS-STANDARD FORMS OF BUILDING CONTRACT-GC/WORKS CONTRACTS | ||
| 650 | _aBUILT ENVIRONMENT-BUILDING CONTRACT FORMS | ||
| 690 | _aBUILT ENVIRONMENT-BUILDING CONTRACT FORMS | ||
| 942 | _n0 | ||
| 999 |
_c101768 _d101768 |
||